000 00630nam a2200229Ia 4500
003 OSt
005 20221007073247.0
006 a|||||r|||| 00| 0
007 ta
008 221006b |||||||| |||| 00| 0 eng d
024 _a12,061
037 _cTextual
040 _aFLL
_cFLL
_beng
041 _2eng
_aeng
082 _aV2:271:92, L3
100 _aImam Mohammed Au.
_9692077
245 0 _aIndian supreme court and constitution
260 _aLucknow
_bEastern book comp. India
_c1973
300 _axxxvi,571p
_ccm.
942 _hV2:271:92, L3
_cTEXL
_2CC
999 _c1148168
_d1148168